000 01071cab a22002055a 4500
001 L143277
008 080423e20080418xxk 000 0 eng d
035 _a(Sirsi) u143277
041 0 _aeng
100 1 _aLane, Thomas
245 0 2 _aA home less ordinary
260 _c2008
490 _aBuilding Magazine
_v273(8525) 18 April 2008, 70-72(3)
520 _aDescribes the construction of the first house by a major housebuilder in compliance with level six of the Code for Sustainable Homes. Built by Barratt, the design is in keeping with the traditional appearance of Barratt new-builds. Photovoltaic cells have been employed but biomass has been eschewed, due to problems of small-scale supply. Describes the specifications in use, including triple glazing and super insulation. Warns that there will need to be a major on-site culture change in order to implement these changes on a large scale.
590 _aKA
650 2 4 _aDCLG CODE FOR SUSTAINABLE HOMES
651 4 _aUnited Kingdom
_y
690 _aBUILT ENVIRONMENT-SUSTAINABLE CONSTRUCTION
942 _n0
999 _c80129
_d80129